Personnages d'anime en images - A - Statistiques

Statistiques générales
  • Ce quiz a été pris 756 fois
    425 depuis la dernière actualisation
  • Le résultat moyen est 12 sur 23
Statistiques - réponses
Par images Réponse % Correct
Annie Leonhart
93%
All Might
92%
Portgas D. Ace
92%
Armin Arlert
91%
Asta
76%
Anya Forger
75%
Akaza
66%
Alphonse Elric
65%
Astro
63%
Aokiji Kuzan
62%
Albator
60%
Asuna Yuuki
59%
Sōsuke Aizen
57%
Axel Blaze
53%
Akame
40%
Askeladd
36%
Aurore
34%
Asuka Langley Sōryū
26%
Alex Louis Armstrong
24%
Arrietty
23%
Anti-Spirale
22%
Leone Abbacchio
14%
Ashitaka
8%
Aucun quiz correspondant
Distribution des résultats
% des personnes avec chaque résultat
Percentile par nombre de réponses
Votre historique - résultats
Vous n’avez pas pris ce quiz depuis la dernière actualisation